000
00290nam a22001337a 4500
008
170424b xxu||||| |||| 00| 0 eng d
020
_a
9781891389030
041
_a
eng
080
_a
547
100
_a
12
101
_a
SHM
245
_a
ORGANIC CHEMISTRY
_c
SORRELL, TH.N
942
_2
udc
_c
BK
999
_c
11625
_d
11625